Normal view
MARC view
- Woodiroof, Jasperguy .
Entry Personal Name
001 - CONTROL NUMBER
- control field: 3256
003 - CONTROL NUMBER IDENTIFIER
- control field: OSt
005 - DATE AND TIME OF LATEST TRANSACTION
- control field: 20180809110239.0
008 - FIXED-LENGTH DATA ELEMENTS
- fixed length control field: 180809|| aca||aabn | a|a d
040 ## - CATALOGING SOURCE
- Original cataloging agency: OSt
- Transcribing agency: OSt
100 ## - HEADING--PERSONAL NAME
- Personal name: Woodiroof, Jasperguy .
670 ## - SOURCE DATA FOUND
- Source citation: Work cat.: (OSt)9171: Tressler, Donald K . 3254, Fruit vegetable and nut products, Vol 3 / , 1976.
